La conquista de las rutas oceánicas ; (Record no. 16426)

MARC details
000 -LEADER
campo de control de longitud fija 01127nam a2200325 i 4500
001 - NÚMERO DE CONTROL
campo de control 16426
003 - IDENTIFICADOR DE NÚMERO DE CONTROL
campo de control ES-MaACL
005 - FECHA Y HORA DE LA ÚLTIMA TRANSACCIÓN
campo de control 20250831063031.0
007 - CAMPO FIJO DE DESCRIPCIÓN FÍSICA--INFORMACIÓN GENERAL
campo de control de longitud fija t|
008 - DATOS DE LONGITUD FIJA--INFORMACIÓN GENERAL
campo de control de longitud fija 000919s1986 mx ||||1| spa d
020 ## - NÚMERO INTERNACIONAL ESTÁNDAR DEL LIBRO
Número Internacional Estándar del Libro 968-452-134-0
080 ## - NÚMERO DE LA CLASIFICACIÓN DECIMAL UNIVERSAL
Número de la Clasificación Decimal Universal 910.4(460)
080 ## - NÚMERO DE LA CLASIFICACIÓN DECIMAL UNIVERSAL
Número de la Clasificación Decimal Universal 910.4(469)
080 ## - NÚMERO DE LA CLASIFICACIÓN DECIMAL UNIVERSAL
Número de la Clasificación Decimal Universal 980.3"../1830"
100 1# - ENTRADA PRINCIPAL--NOMBRE DE PERSONA
Nombre de persona Pereyra, Carlos,
Fechas asociadas al nombre 1871-1942
Término indicativo de función/relación Autor
9 (RLIN) 90541
245 13 - MENCIÓN DEL TÍTULO
Título La conquista de las rutas oceánicas ;
Resto del título La obra de España en América /
Mención de responsabilidad, etc. Carlos Pereyra ; prólogo de Silvio Zavala
260 ## - PUBLICACIÓN, DISTRIBUCIÓN, ETC.
Lugar de publicación, distribución, etc. México :
Nombre del editor, distribuidor, etc. Porrúa,
Fecha de publicación, distribución, etc. 1986
300 ## - DESCRIPCIÓN FÍSICA
Extensión XXIII, 272 páginas ;
Dimensiones 22 cm
490 1# - MENCIÓN DE SERIE
Mención de serie Sepan cuantos_
Designación de volumen o secuencia 498
RLIN 180801
650 #7 - PUNTO DE ACCESO ADICIONAL DE MATERIA--TÉRMINO DE MATERIA
Término de materia o nombre geográfico como elemento de entrada Descubrimientos geográficos españoles
Fuente del encabezamiento o término embne
9 (RLIN) 11831
650 07 - PUNTO DE ACCESO ADICIONAL DE MATERIA--TÉRMINO DE MATERIA
Término de materia o nombre geográfico como elemento de entrada Descubrimientos geográficos portugueses
Fuente del encabezamiento o término embne
9 (RLIN) 11832
651 #4 - PUNTO DE ACCESO ADICIONAL DE MATERIA--NOMBRE GEOGRÁFICO
Nombre geográfico América española-
Subdivisión general Historia
9 (RLIN) 7723
700 1# - ENTRADA AGREGADA--NOMBRE PERSONAL
Nombre de persona Zavala, Silvio,
Fechas asociadas al nombre 1909-2014
Término indicativo de función/relación Autor de introducción
9 (RLIN) 118108
740 32 - ENTRADA AGREGADA--TÍTULO RELACIONADO/ANALÍTICO NO CONTROLADO
Título relacionado o analítico no controlado La obra de España en América.
830 #0 - PUNTO DE ACCESO ADICIONAL DE SERIE-TÍTULO UNIFORME
Título uniforme Sepan cuantos_
Designación de volumen o secuencia 498
9 (RLIN) 180801
852 4# - LOCALIZACIÓN
Ubicación ES-MaACL
Ubicación en estantería Depósito 2
Número de control de estantería G-2135
942 ## - ELEMENTOS DE ENTRADA SECUNDARIOS (KOHA)
Fuente del sistema de clasificación o colocación Clasificación decimal universal
Tipo de ítem Koha Libro impreso
Suprimir en OPAC No
Holdings
Estatus retirado Estado de pérdida Estado de daño No para préstamo Biblioteca de origen Biblioteca actual Ubicación en estantería Fecha de adquisición Fuente de adquisición Total de préstamos Signatura topográfica completa Código de barras Visto por última vez Precio de reemplazo Tipo de ítem Koha
        Biblioteca del Ateneo de Madrid Biblioteca del Ateneo de Madrid Depósito 2 17/01/2008     G-2135 1016688 23/02/2023 23/02/2023 Libro impreso